Missing Word: 5-Letter A-Z Quiz Stats

 Plays Quiz Updated Nov 29, 2016

Support Sporcle.
Go Orange.
Score 0/26 Timer 02:00
1 Play Today
Hint Word % Correct
_____ Breath You Take (Song)Every
96.8%
Everybody _____ Raymond (TV Show)Loves
96.6%
Law & _____ (TV Show)Order
96.6%
Everybody _____ Chris (TV Show)Hates
95.7%
_____ Lantern (Superhero)Green
94.2%
_____ Almighty (Movie)Bruce
93.7%
John Quincy _____ (Historical Figure)Adams
93.5%
Who Framed _____ Rabbit? (Movie)Roger
92.7%
Billy Ray _____ (Celebrity)Cyrus
92.5%
Lord of the _____ (Novel)Flies
91.6%
_____ Ear (Body Part)Inner
88.7%
The Grapes of _____ (Novel)Wrath
85.7%
_____ the Hedgehog (Video Game)Sonic
85%
Hint Word % Correct
_____ Jam (Band)Pearl
84.4%
Hello, _____! (Musical)Dolly
83.8%
Mello _____ (Drink)Yello
83.3%
The Mask of _____ (Movie)Zorro
81.6%
_____ Jack (Historical Flag Name)Union
80.4%
Dennis _____ (Celebrity)Quaid
79.5%
U Can't _____ This (Song)Touch
70.5%
Tender is the _____ (Novel)Night
69.4%
Orlando _____ (Sports Team)Magic
66.1%
_____ Headlights (Object)Xenon
42.6%
_____ Pressly (Celebrity)Jaime
32.7%
Andorra la _____ (World Capital)Vella
26.8%
_____'s Dream Land (Video Game)Kirby
24.6%

Today's Daily Dose

You're not logged in!

Compare scores with friends on all Sporcle quizzes.
OR
Log In

From the Vault

-oot Definitions

by NO_r_WAY

We have a feeling that a certain MCU character has a leg up in this quiz.
Remove Ads.
Support Sporcle.
Get the best of Sporcle when you Go Orange. This ad-free experience offers more features, more stats, and more fun while also helping to support Sporcle. Thank you for becoming a member.

Show Comments

Extras

Top Quizzes Today


Score Distribution

Your Account Isn't Verified!

In order to create a playlist on Sporcle, you need to verify the email address you used during registration. Go to your Sporcle Settings to finish the process.

Report this User

Report this user for behavior that violates our Community Guidelines.

Details: